000 00530nam a2200193Ia 4500
008 120924t2008 xxu||||| |||| 00| 0 sin d
041 _asin
080 _a8-31 (Russian)
_bGON
100 _aGoncharov,Ivan
245 _aඔබ්ලොමොවු
246 _aOblomov
260 _aSooriya Publishers
_aColombo
_c2008
300 _b845p, 21 cm
500 _aSinhalese Translation of I.Goncharov's of Oblomov
700 _aAmarasiri,Ananda
_etr.
942 _cBK
999 _c41824
_d41824
003 LK-CoDNM
040 _aLK-CoDNM
_dLK-CoDNM
_eLK-CoDNM